000
00223nam a2200109Ia 4500
999
_c
6848
_d
6848
020
_a
9788120309814
100
_a
Stoner, Freeman
245
0
_a
Management
260
_a
New Delhi
_b
Pearson
_c
1995
300
_a
630
942
_c
BK